000 00874nam a22002417a 4500
001 3710
003 FISKH
005 20240423141450.0
008 240423b cb ||||| |||| 00| 0 eng d
040 _aFISK
_beng
_cFISK
_dFISK
050 _aPZ7.K296184
082 _a813.6
100 _aKelly Jacqueline
_d1954-
245 _aThe evolution of calpurnia tate /
_bJacqueline Kelly
260 _aNew York :
_bScholastic,
_c2010
300 _a340 pages :
_c22 cm
505 _aO
520 _aIn central Texas in 1899, eleven-year-old Callie Vee Tate is instructed to be a lady by her mother, learns about love from the older three of her six brothers, and studies the natural world with her grandfather, the latter of which leads to an important discovery.
521 8 _a830
_bLexile
700 _aJacqueline Kelly
942 _2lcc
_cBK
_n0
999 _c3710
_d3710